|
|
|
|
| LEADER |
01127nam a2200265 a 4500 |
| 001 |
11787643 |
| 008 |
110313s2000 nyu b 001 0 eng d |
| 010 |
|
|
|a 99048053
|
| 020 |
|
|
|a 1573927597
|
| 020 |
|
|
|a 1573927600 (pbk.)
|
| 040 |
|
|
|a DLC
|c DLC
|d BD-DhAAL
|
| 050 |
0 |
0 |
|a BJ1012
|b .A45 2000
|
| 082 |
0 |
0 |
|a 170
|2 21
|
| 100 |
1 |
|
|a Almeder, Robert F.
|
| 245 |
1 |
0 |
|a Human happiness and morality :
|b a brief introduction to ethics /
|c Robert Almeder.
|
| 260 |
|
|
|a Amherst, N.Y. :
|b Prometheus Books,
|c 2000.
|
| 300 |
|
|
|a 212 p. ;
|c 24 cm.
|
| 504 |
|
|
|a Includes bibliographical references (p. 206) and indexes.
|
| 541 |
1 |
|
|e 00022018
|
| 650 |
|
0 |
|a Ethics.
|
| 650 |
|
0 |
|a Happiness.
|
| 852 |
|
|
|a Ayesha Abed Library
|c General Shelf.
|
| 999 |
|
|
|c 10530
|d 10530
|
| 952 |
|
|
|0 0
|1 0
|2 ddc
|4 0
|6 170_000000000000000_ALM
|7 0
|9 14657
|a BRACUL
|b SCL
|c GEN
|d 2011-03-15
|e TRIM EDUCATION
|g 2250.00
|l 9
|m 5
|o 170 ALM
|p 3010022018
|r 2025-01-09
|s 2024-12-04
|t 1
|w 2011-03-15
|y BK
|x Koha Inventory 2020
|
| 952 |
|
|
|0 0
|1 0
|2 ddc
|4 0
|6 170_ALM
|7 0
|9 14658
|a BRACUL
|b BRACUL
|c GEN
|d 2011-03-15
|e TRIM EDUCATION
|g 2250.00
|l 11
|m 44
|o 170 ALM
|p 3010022019
|r 2025-10-13
|s 2025-05-07
|t 2
|w 2011-03-15
|y BK
|